000 01319nam a2200289Ia 4500
999 _c42055
_d42055
001 8745
003 GE_BSU
005 20240513165443.0
008 181216s2014||||ge |||||||||||||| ||geo||
020 _a9789941061318
040 _cGE_BSU
041 _ageo
080 _a821.353.1-91.09 წ–87
100 _aწულუკიძე, ნუგზარ
_93752
245 _aქართული მითოსის ინდური ფესვები /
_cნუგზარ წულუკიძე ; რედ. უჩა ოქროპირიძე.
264 _aთბილისი :
_bშპს ლამპარი,
_c2014.
300 _a191გვ. ;
_c20 სმ.
500 _aდამოწმებანი : გვ. 186-191
520 _aრეზიუმე რუსულ და ინგლისურ ენებზე
653 _aმითოლოგია
653 _aქართული მითოსის ინდური ფესვები
653 _aწარმართობა საქართველოში
653 _aქართული ფოლკლორი
653 _aქართული მითოსი
700 _aოქროპირიძე, უჩა
_eრედაქტორი
_922079
942 _cBK
_2udc